Normal view
MARC view
- محمود، عصام حنفي
Entry Personal Name
001 - CONTROL NUMBER
- control field: 32328
003 - CONTROL NUMBER IDENTIFIER
- control field: JO-AjAnu
005 - DATE AND TIME OF LATEST TRANSACTION
- control field: 20230606075432.0
008 - FIXED-LENGTH DATA ELEMENTS
- fixed length control field: 230606|| aca||aabn | a|a d
040 ## - CATALOGING SOURCE
- Original cataloging agency: JO-AjAnu
- Transcribing agency: JO-AjAnu
100 ## - HEADING--PERSONAL NAME
- Personal name: محمود، عصام حنفي
670 ## - SOURCE DATA FOUND
- Source citation: Work cat.: (JO-AjAnu)16606: محمود، عصام حنفي, author, القانون التجاري : الأعمال التجارية - التاجر - المحل التجاري، الجزء الأول